| 000 | 00779cam a22002895a 4500 | ||
|---|---|---|---|
| 001 | 5175861 | ||
| 005 | 20171221140025.0 | ||
| 008 | 910425s1999 ja a frd 001 0 eng d | ||
| 020 | _a0870407422 | ||
| 040 |
_aDLC-R _cDLC-RdDLC _beng _dEG-ScBUE |
||
| 043 | _aa-ja--- | ||
| 082 | 0 | 4 |
_222 _a641.6920952 _bYOS |
| 100 | 1 | _aYoshino, Masuo. | |
| 245 | 1 | 0 |
_aSushi / _cMasuo Yoshino. |
| 250 | _a8th printing. | ||
| 260 |
_aTokyo : _bGakken Co., _c1999. |
||
| 300 |
_a96 p. : _bill. ; _c22 cm. |
||
| 500 | _aGlossary : p. 95. | ||
| 500 | _aIndex : p. 96. | ||
| 541 | _aDonation from Japan foundation. | ||
| 650 | 7 |
_aSushi. _2BUEsh |
|
| 650 | 7 |
_aCooking (Fish) _2BUEsh |
|
| 650 | 7 |
_aCooking, Japanese. _2BUEsh |
|
| 651 | _2BUEsh | ||
| 653 |
_bGGEN _cDecember2017 |
||
| 942 | _2ddc | ||
| 999 |
_c25767 _d25739 |
||